000 01357cam a2200289 i 4500
001 20978980
003 OSt
005 20230623155148.0
008 190518s2018 gh b 001 0 eng
010 _a 2018339996
020 _a9789988321017
040 _aDLC
_beng
_erda
_cDLC
_dDLC
042 _alcode
_apcc
043 _af-gh---
050 0 0 _aKRX4610.A23
100 1 _aAdjei, Dennis Dominic
_91864
245 1 0 _aCriminal procedure and practice in Ghana. /
_cDennis Dominic Adjei
250 _a3rd ed.
264 1 _aAccra, Ghana :
_bDennis Dominic Adjei,
_c2021.
300 _axxxvii, 5484 p. ;
_c25 cm
336 _atext
_btxt
_2rdacontent
337 _aunmediated
_bn
_2rdamedia
338 _avolume
_bnc
_2rdacarrier
505 _aContents: Overview -- Preliminary matters in criminal proceedings -- Peace and order - Exemptions and venue -- Institution of criminal proceedings -- Warrant -- Bail and recognisances -- Evidence gathering in criminal trials -- Joinder of charges and accused and preparation of charge sheet -- Pre-trial proceedings and fair trial principles -- Defence and results -- Committal and anciliary proceedings -- Trial on indictment -- Sentencing -- Juvenile justice -- Corrective proceedings -- Practice directions on disclosures and case management --
650 0 _aCriminal procedure
_zGhana.
_91817
942 _2lcc
_cBK
999 _c9835
_d17335